000 00489nam a2200181Ia 4500
008 230125s9999 xx 000 0 und d
041 _aeng
082 _a332.1
_bSUN
100 _aSundharam K P M
_9114139
245 _aBanking theory, law and practice
260 _c1989
_bS. Chand & Company Ltd.
_aNew Delhi
300 _a395p
500 _aBanking
500 _aBanking
650 _aFinancial Management
700 _aSundharam K P M & Varshney P N
_9114140
999 _c91437
_d91437